000 00590nam a22001937a 4500
005 20250408092356.0
008 240921b ||||| |||| 00| 0 eng d
040 _cAL
041 _aKannada
082 _223
_aK894.4
_bGURS
100 _aGururaja Karajagi
_9207832
100 _bಗುರುರಾಜ ಕರಜಗಿ
_9207833
245 _aSaakshi
_bಸಾಕ್ಷಿ
260 _aBengaluru
_bLoka Shikshana Trust
_c2024
300 _axx,816 p.
_bPB
_c21x14 cm.
365 _aBLCR-000030
_b₹399.00
_c
_d₹499.00
_e20%
_f11-09-2024
650 _aKannada
_9179843
942 _2ddc
_cBK
999 _c231871
_d231871